Геологическая изученность СССР. Т. 12: Северный Кавказ. Период 1956-1960 (Запись № 8338904)

Подробности
000 -МАРКЕР
контрольное поле 02250nam2a22003131 4500
001 - ИДЕНТИФИКАТОР ЗАПИСИ
контрольное поле rc\4368000
005 - ИДЕНТИФИКАТОР ВЕРСИИ
контрольное поле 20250612062300.0
021 ## - НОМЕР ГОСУДАРСТВЕННОЙ РЕГИСТРАЦИИ
Код страны Российская Федерация
Номер [75-43862]
021 ## - НОМЕР ГОСУДАРСТВЕННОЙ РЕГИСТРАЦИИ
Код страны Российская Федерация
Номер [75-45031]
035 ## - ДРУГИЕ СИСТЕМНЫЕ НОМЕРА
Идентификатор записи (NLR Aleph) 008539612
100 ## - ДАННЫЕ ОБЩЕЙ ОБРАБОТКИ
Данные общей обработки 20130416d1974 |||y0rusy50 ca
101 0# - ЯЗЫК РЕСУРСА
Язык текста, звукозаписи и т.д. русский
102 ## - СТРАНА ПУБЛИКАЦИИ ИЛИ ПРОИЗВОДСТВА
Страна публикации Российская Федерация
105 ## - ПОЛЕ КОДИРОВАННЫХ ДАННЫХ: ТЕКСТОВЫЕ МАТЕРИАЛЫ, МОНОГРАФИЧЕСКИЕ
Кодированные данные о монографическом текстовом документе y z |||||
200 1# - ЗАГЛАВИЕ И СВЕДЕНИЯ ОБ ОТВЕТСТВЕННОСТИ
Основное заглавие Северный Кавказ. Период 1956-1960
Сведения, относящиеся к заглавию [В 50 т.
Первые сведения об ответственности [Сост. К.В. Головина, В.В. Можаева, Е.Ф. Оробей и др.
Последующие сведения об ответственности Сев.-Кавк. территор. геол. упр.]
-- Гл. ред.: ...Д.В. Наливкин (гл. ред.) [и др.]
-- АН СССР. М-во геологии СССР. Комис. по геол. изученности СССР. М-во геологии РСФСР. Сев.-Кавк. геол. упр.
Обозначение и номер части Вып. 1
Наименование части Опубликованные работы. Кн. 1
210 ## - ПУБЛИКАЦИЯ, РАСПРОСТРАНЕНИЕ И ДР.
Место издания, распространения и т.д. Ставрополь
Дата издания, распространения и т.д. 1974
215 ## - ФИЗИЧЕСКАЯ ХАРАКТЕРИСТИКА
Специфическое обозначение материала и объем 351 с.
461 #0 - УРОВЕНЬ НАБОРА
Встроенное поле 001rc\4367873
-- 2001#$aГеологическая изученность СССР$e[Обзорные главы, рефераты, аннотации и библиогр. справки]$fГлав. ред.: ...В.В. Тихомиров (глав. ред.) [и др.]$gАН СССР. М-во геологии СССР. Комис. по геол. изученности СССР. Ордена Ленина Кольский филиал им. С.М. Кирова. Геол. ин-т Сев.-Зап. геол. упр. Т. 1-$vТ. 12
Системный номер (АБИС) связанной записи 8338148
Место публикации Ленинград
Дата публикации 1968-
Первые сведения об ответственности Глав. ред.: ...В.В. Тихомиров (глав. ред.) [и др.]
Имя издателя, распространителя и т.д. Наука. Ленингр. отд-ние
Сведения, относящиеся к заглавию [Обзорные главы, рефераты, аннотации и библиогр. справки]
Заглавие Геологическая изученность СССР
Номер тома Т. 12
606 ## - НАИМЕНОВАНИЕ ТЕМЫ КАК ПРЕДМЕТ
Наименование темы Геология
Географический подзаголовок Северный Кавказ (т. 12)
Код системы psbo
702 #1 - ИМЯ ЛИЦА - ВТОРИЧНАЯ ОТВЕТСТВЕННОСТЬ
Начальный элемент ввода Оробей
Часть имени, кроме начального элемента ввода Е.Ф.
Код отношения Составитель
702 #1 - ИМЯ ЛИЦА - ВТОРИЧНАЯ ОТВЕТСТВЕННОСТЬ
Начальный элемент ввода Наливкин
Часть имени, кроме начального элемента ввода Д.В.
Расширение инициалов личного имени Дмитрий Васильевич
Код отношения Редактор
702 #1 - ИМЯ ЛИЦА - ВТОРИЧНАЯ ОТВЕТСТВЕННОСТЬ
Начальный элемент ввода Можаева
Часть имени, кроме начального элемента ввода В.В.
Код отношения Составитель
702 #1 - ИМЯ ЛИЦА - ВТОРИЧНАЯ ОТВЕТСТВЕННОСТЬ
Начальный элемент ввода Головина
Часть имени, кроме начального элемента ввода К.В.
Код отношения Составитель
801 #0 - ИСТОЧНИК ЗАПИСИ
Страна Российская Федерация
Организация NLR
Правила каталогизации psbo
801 #1 - ИСТОЧНИК ЗАПИСИ
Страна Российская Федерация
Организация ELAR
Источник данных rusmarc
852 ## - МЕСТОНАХОЖДЕНИЕ И ШИФР ХРАНЕНИЯ
Идентификатор организации NLR
Шифр хранения (Call Number) 61-7/560
942 ## - ДОПОЛНИТЕЛЬНЫЕ ЭЛЕМЕНТЫ ЗАПИСИ (АБИС)
Тип экземпляра АБИС Книга
980 ## - КОЛЛЕКЦИЯ
Название коллекции Национальная библиография
Экземпляры
Тип экземпляра Дата поступления Библиотека постоянного хранения Библиотека текущего хранения Место хранения Шифр хранения Штрих-код Статус экземпляра
Книга 26.10.2013 РНБ (Московский) РНБ (Московский) Русский книжный фонд: издания с 1957 года 61-7/560 8539612-10